000 05871nam a2200337 a 4500
001 000012915
005 20240306073902.0
008 091118s2001 dr ac 000 0 spa d
020 _a8482613502 (v. 1)
020 _a8482613510 (v. 2)
020 _a8482613529 (v. 3)
020 _a8482613537 (v. 4)
040 _aDO-SdBNP
_bspa
_cBNPHU
082 _axxxx
_bL566
100 1 _aGarcía Cartagena, Manuel
_912067
245 0 0 _aLengua y literatura :
_beducación media /
_cManuel García Cartagena ; colaboración Miguel Antonio Piccini Brito, Víctor Manuel Bidó Acevedo ; dirección editorial Obdulia García de Escobar ; ilustración Ruddy Núñez.
260 _aSanto Domingo :
_bSantillana,
_c2001.
300 _a4 v :
_bil., retrs. ;
_c28 cm.
490 1 _aUmbral
500 _aEducación media
500 _aLa biblioteca posee la edición anotada para el profesor del volumen 1 y 3 y el cuaderno de trabajo del volumen 4.
505 1 _av. 1 :
_gunidad monográfica A --
_tLa mecánica narrativa --
_gunidad monográfica B --
_tLa mecánica expositiva --
_gunidad 1 --
_tCuenta con tus amigos y amigas --
_gunidad 2 --
_tNuestro universo americano --
_gunidad 3 --
_tNuestro tesoro: la salud --
_gproyecto 1 --
_tTras los pasos de Don Quijote --
_gunidad monográfica C --
_tLa mecánica argumentativa --
_gunidad monográfica D --
_tLa mecánica prescriptiva --
_gunidad 4 --
_tEl valor de la vida --
_gunidad 5 --
_tLa alegría del trabajo --
_gunidad 6 --
_tVivamos a ciencia cierta --
_gunidad monográfica E --
_tLa mecánica persuasiva --
_gunidad monográfica F --
_tLa mecánica descriptiva --
_gunidad 7 --
_tEl arte de ser dominicanos --
_gunidad 8 --
_tCreando, creemos; creyendo, creamos... --
_gunidad 9 --
_tJuntos vivimos mejor --
_gproyecto 2 --
_tUna lengua viva: el español en República Dominicana --
_gunidad monográfica G --
_tLa mecánica del párrafo --
_gunidad monográfica H --
_tLa mecánica del comentario --
_gunidad 10 --
_tConstruyamos nuestro futuro trabajando --
_gunidad 11 --
_tLa salud no es cosa de juego --
_gunidad 12 --
_tEl mundo cabe en tu corazón --
505 1 _av. 2 :
_gunidad monográfica A --
_tMecánica literaria --
_gunidad monográfica B --
_tMecánica de la versificación --
_gunidad 1 --
_tLa expresión creativa --
_gunidad 2 --
_tJuntos construimos la armonía --
_gunidad 3 --
_tAlma dominicana --
_gproyecto 1 --
_tEl español: una lengua internacional --
_gunidad monográfica C --
_tMecánica de la argumentación --
_gunidad monográfica D --
_tMecánica de la interacción --
_gunidad 4 --
_tDesarrolla tu potencial social --
_gunidad 5 --
_tExpresa tu mundo interior --
_gunidad 6 --
_tLa salud y los remedios --
_gunidad monográfica E --
_tMecánica del resumen --
_gunidad monográfica F --
_tEstructuras discursivas --
_gunidad 7 --
_tTodo se consigue trabajando --
_gunidad 8 --
_tLa tierra: un planeta amenazado --
_gunidad 9 --
_tMáquinas que dominan el mundo --
_gproyecto 2 --
_tProcedimientos de documentación --
_gunidad monográfica G --
_tMecánica del comentario --
_gunidad monográfica H --
_tMecánica de los géneros --
_gunidad 10 --
_tEl valor de nuestra vida --
_gunidad 11 --
_t¡Limpiemos el planeta! --
_gunidad 12 --
_tEl trabajo en la tierra --
505 1 _av. 3 :
_gunidad monográfica A --
_tMecánica del comentario de textos científico-técnicos --
_gunidad monográfica B --
_tMecánica del comentario de textos coloquiales --
_gunidad 1 --
_tEl lenguaje de la ciencia --
_gunidad 2 --
_tConstruyamos una América mejor --
_gunidad 3 --
_tCostumbres dominicanas --
_gproyecto 1 --
_tReporteros sin fronteras --
_gunidad monográfica C --
_tMecánica del comentario de textos explicativos --
_gunidad monográfica D --
_tMecánica del comentario de la relación argumentativa --
_gunidad 4 --
_tTrabajemos por la vida --
_gunidad 5 --
_tPoder crear es crear poder --
_gunidad 6 --
_tLa fragilidad de la vida --
_gunidad monográfica E --
_tMecánica del comentario de las ideas de un texto --
_gunidad monográfica F --
_tMecánica del comentario de textos periodísticos --
_gunidad 7 --
_tSentirse dominicanos --
_gunidad 8 --
_tHistorias que sepultan realidades --
_gunidad 9 --
_tComunicación crativa --
_gproyecto 2 --
_tInvestigar: una pasión --
_gunidad monográfica G --
_tMecánica del comentario de los textos instruccionales --
_gunidad monográfica H --
_tMecánica de los textos monográficos --
_gunidad 10 --
_tPolíticas ambientales --
_gunidad 11 --
_tPor un turismo limpio --
_gunidad 12 --
_tEl trabajo de vivir --
505 1 _av. 4 :
_gunidad monográfica A --
_tMecánica de la argumentación --
_gunidad monográfica B --
_tMecánica de la interacción cumunicativa --
_gunidad 1 --
_tArgumentos para la democracia --
_gunidad 2 --
_tLa lluvia y la vida --
_gunidad 3 --
_tImágenes de la dominicanidad --
_gproyecto 1 --
_tInvestigación lexicológica: primera parte --
_gunidad monográfica C --
_tMecánica de la publicidad --
_gunidad monográfica D --
_tMecánica de los textos periodísticos --
_gunidad 4 --
_tCuando hay que hablar para convencer... --
_gunidad 5 --
_tReportajes todo el tiempo --
_gunidad 6 --
_tUn país que trabaja --
_gunidad monográfica E --
_tMecánica de los textos administrativos --
_gunidad monográfica F --
_tMecánica de los textos literarios --
_gunidad 7 --
_tTienes derecho a ser diferente --
_gunidad 8 --
_tConoce tu pueblo y te conocerás --
_gunidad 9 --
_tPor los caminos del campo --
_gproyecto 2 --
_tInvestigacion lexicológica: segunda parte --
_gunidad monográfica G --
_tMecánica del resumen textual --
_gunidad monográfica H --
_tMecánica del proceso textual --
_gunidad 10 --
_tEntre ciencia y conciencia --
_gunidad 11 --
_tEl dilema de ser y parecer... --
_gunidad 12 --
_tEn armonía natural --
700 1 _aPiccini Brito, Miguel Antonio
_ecolab.
_929808
700 1 _aBidó, Victor,
_d1959-
_ecolab.
_923507
700 1 _aGarcía Escobar, Obdulia de
_edir. ed.
_929220
700 1 _aNúñez, Ruddy,
_eil.
_923171
830 0 _aUmbral
_929222
999 _c12563
_d12563